[Event "Home Country for SM's 1st Convention."]
[Site "SchemingMind.com"]
[Date "2008.10.03"]
[Round "-"]
[White "Chess_Man01"]
[Black "surfnsuds"]
[Result "1-0"]
[WhiteCountry "GBR"]
[BlackCountry "USA"]
[WhiteElo "1935"]
[WhiteRD "59"]
[BlackElo "1330"]
[BlackRD "137"]
[GameID "173568"]

1. e4 e5 2. Nf3 d6 3. d4 f5 4. dxe5 fxe4 5. Ng5 Nf6 6. exf6 Qxf6 7. Nxe4 Qe6 8. Qe2 Nd7 9. Nbc3 d5 10. Nxd5 Be7
11. Nxc7+
1-0

[Event "Home Country for SM's 1st Convention."]
[Site "SchemingMind.com"]
[Date "2008.10.04"]
[Round "-"]
[White "surfnsuds"]
[Black "Chess_Man01"]
[Result "0-1"]
[WhiteCountry "USA"]
[BlackCountry "GBR"]
[WhiteElo "1327"]
[WhiteRD "139"]
[BlackElo "1946"]
[BlackRD "66"]
[GameID "173582"]

1. d4 Nf6 2. e3 d5 3. c4 c6 4. Nd2 Bf5 5. Ngf3 e6 6. Ne5 Nbd7 7. Nxd7 Qxd7 8. c5 Be7 9. Nf3 O-O 10. Bd3 Bxd3
11. Qxd3 b6 12. b4 a5 13. Bd2 axb4 14. Bxb4 bxc5 15. dxc5 Rfb8 16. a3 Rxb4 17. Qc3 Rc4 18. Ne5 Rxc3 19. Nxd7 Nxd7
0-1

[Event "Home Country for SM's 1st Convention."]
[Site "SchemingMind.com"]
[Date "2008.10.09"]
[Round "-"]
[White "jl1234"]
[Black "Clive Everill"]
[Result "1-0"]
[WhiteCountry "POL"]
[BlackCountry "CZE"]
[WhiteElo "1776"]
[WhiteRD "69"]
[BlackElo "1683"]
[BlackRD "47"]
[GameID "173712"]

1. Nf3 d5 2. b3 c5 3. Bb2 d4 4. e3 dxe3 5. fxe3 Bg4 6. Bc4 Nf6 7. h3 Bh5 8. g4 Bg6 9. Ne5 e6 10. Qf3 Be4
11. Qf1 Bxh1 12. Qxh1 Qc7 13. Na3 Bd6 14. Nb5 Qb6 15. Nxd6+ Qxd6 16. Qxb7 O-O 17. Qxa8 Ne4 18. Qxe4 Rd8 19. O-O-O f6 20. Bd3 g6
21. Nxg6 hxg6 22. Qxg6+ Kf8 23. Bxf6 Nd7 24. Qg7+
1-0

[Event "Home Country for SM's 1st Convention."]
[Site "SchemingMind.com"]
[Date "2008.10.09"]
[Round "-"]
[White "Clive Everill"]
[Black "jl1234"]
[Result "1-0"]
[WhiteCountry "CZE"]
[BlackCountry "POL"]
[WhiteElo "1683"]
[WhiteRD "47"]
[BlackElo "1776"]
[BlackRD "69"]
[GameID "173720"]

1. e4 c5 2. Nf3 e6 3. Nc3 Nc6 4. Bb5 Qb6 5. O-O a6 6. Be2 Be7 7. d3 d6 8. Be3 Nf6 9. Rb1 Ng4 10. Bg5 Bxg5
11. Nxg5 Nf6 12. Kh1 h6 13. Nf3 O-O 14. Nd2 d5 15. f4 d4 16. Na4 Qa7 17. c4 b5 18. cxb5 axb5 19. Nxc5 Qxc5 20. Rc1 Qb6
21. Bf3 e5 22. f5 Nd7 23. a3 Na5 24. g4 Bb7 25. Rg1 Rfc8 26. g5 Rxc1 27. Qxc1 Rc8 28. Qe1 Rc6 29. f6 hxg5 30. fxg7 Kxg7
31. Rxg5+ Rg6 32. Qh4 Qf6 33. Rxg6+ fxg6 34. Qg4 Bc8 35. Qg2 Nf8 36. Nf1 Qd6 37. Ng3 Kh6 38. Qd2+ Kh7 39. Qxa5 Bd7 40. Qd8 Qc5
41. Qh4+ Kg7 42. Qg5 Kf7 43. Bd1 Be6 44. h4 Qe7 45. Qxe7+ Kxe7 46. h5 Kd6 47. h6 Bg8 48. Kh2 Be6 49. a4 b4 50. b3 Ke7
51. Nf1 Kf6 52. a5 Kg5 53. Kg3 Kxh6 54. a6 Bc8 55. a7 Bb7 56. Bg4 Kg5 57. Bc8 Bc6 58. Nd2 Kf6 59. Nc4
1-0

[Event "Home Country for SM's 1st Convention."]
[Site "SchemingMind.com"]
[Date "2008.10.21"]
[Round "-"]
[White "egis"]
[Black "bull mccabe"]
[Result "1/2-1/2"]
[WhiteCountry "LTU"]
[BlackCountry "IRL"]
[WhiteElo "1979"]
[WhiteRD "70"]
[BlackElo "1808"]
[BlackRD "85"]
[GameID "175180"]

1. Nf3 Nf6 2. c4 e6 3. d4 d5 4. Nc3 c6 5. e3 Nbd7 6. Be2 dxc4 7. Bxc4 b5 8. Bd3 Bb7 9. O-O a6 10. Bd2 Nc5
11. Qe2 Nxd3 12. Qxd3 c5 13. a4 b4 14. Ne2 Bxf3 15. gxf3 cxd4 16. Qxd4 Qxd4 17. Nxd4 a5 18. Nb5 Rc8 19. Rac1 Rd8 20. Nc7+ Ke7
21. Rfd1 Nd7 22. f4 g6 23. h3 Bg7 24. b3 Nb6 25. Nb5 Rd7 26. Rc6 Rhd8 27. Rxb6 Rxd2 28. Rxd2 Rxd2 29. Rb7+ Rd7 30. Rxd7+ Kxd7
31. Na7 Kd6 32. Nb5+ Kc5 33. Kg2 h5 34. Nc7 Bf8 35. Kg3 Kc6 36. Nb5 Bg7=
1/2-1/2

[Event "Home Country for SM's 1st Convention."]
[Site "SchemingMind.com"]
[Date "2008.10.21"]
[Round "-"]
[White "bull mccabe"]
[Black "egis"]
[Result "1/2-1/2"]
[WhiteCountry "IRL"]
[BlackCountry "LTU"]
[WhiteElo "1808"]
[WhiteRD "85"]
[BlackElo "1979"]
[BlackRD "70"]
[GameID "175188"]

1. e4 d6 2. d4 Nf6 3. Nc3 g6 4. Nf3 Bg7 5. Be2 O-O 6. O-O c5 7. d5 Nbd7 8. Bg5 b6 9. Bb5 a6 10. Bd3 b5
11. Re1 b4 12. Na4 Qc7 13. b3 a5 14. Qd2 Bb7 15. h3 Nh5 16. Bxe7 Rfe8 17. Bg5 Bxa1 18. Rxa1 f6 19. Bh4 Ne5 20. Nxe5 fxe5
21. Nb2 Nf4 22. Re1 Bc8 23. Nc4 Ba6 24. Bg5 Nxd3 25. Qxd3 Rf8 26. f3 Bxc4 27. Qxc4 Qb6 28. a4 bxa3 29. Ra1 a4 30. Rxa3 axb3
31. Rxb3 Ra1+ 32. Kh2 Qa5 33. Qb5 Qe1 34. Bh6 Qh1+ 35. Kg3 Rg1 36. Qe2 Ra8 37. Rb7 Rd8 38. Rg7+ Kh8 39. Rc7 Kg8 40. Rg7+=
1/2-1/2

[Event "Home Country for SM's 1st Convention."]
[Site "SchemingMind.com"]
[Date "2008.10.18"]
[Round "-"]
[White "Manfred Kraut"]
[Black "lucho-sc"]
[Result "1-0"]
[WhiteCountry "GER"]
[BlackCountry "URU"]
[WhiteElo "1411"]
[WhiteRD "67"]
[BlackElo "1065"]
[BlackRD "76"]
[GameID "175422"]

1. d4 d5 2. Nf3 Nf6 3. e3 Bf5 4. Nbd2 e6 5. Bd3 Bb4 6. c3 Ba5 7. O-O Bxd3 8. Nb3 Bxf1 9. Qxf1 Nc6 10. Qb5 O-O
11. Nxa5 Qd7 12. Nxb7 Nb8 13. Qxd7 Nbxd7 14. b3 Rab8 15. Nd6 cxd6 16. Ba3 Ne4 17. h3 Rfc8 18. Rc1 Rxc3 19. Rd1 Rbc8 20. Kh2
1-0

[Event "Home Country for SM's 1st Convention."]
[Site "SchemingMind.com"]
[Date "2008.10.18"]
[Round "-"]
[White "lucho-sc"]
[Black "Manfred Kraut"]
[Result "0-1"]
[WhiteCountry "URU"]
[BlackCountry "GER"]
[WhiteElo "1065"]
[WhiteRD "76"]
[BlackElo "1411"]
[BlackRD "67"]
[GameID "175438"]

1. e4 e5 2. Nf3 Nc6 3. Bc4 Bc5 4. O-O Nf6 5. Ng5 O-O 6. d3 h6 7. Nc3 hxg5 8. Bxg5 d6 9. Qf3 Bg4 10. Qg3 Re8
11. Bxf6 Qxf6 12. Qxg4 Nd4 13. Rac1 a6 14. Nd5 Qg6 15. Qxg6 fxg6 16. Nxc7+ Kh7 17. Nxa8 Rxa8 18. Rfe1 b5
0-1

[Event "Home Country for SM's 1st Convention."]
[Site "SchemingMind.com"]
[Date "2008.10.20"]
[Round "-"]
[White "Ursus"]
[Black "JPT"]
[Result "0-1"]
[WhiteCountry "INT"]
[BlackCountry "INT"]
[WhiteElo "1715"]
[WhiteRD "79"]
[BlackElo "1853"]
[BlackRD "81"]
[GameID "175544"]

1. e4 e5 2. Nf3 Nc6 3. d4 exd4 4. Bc4 Nf6 5. e5 Ng8 6. O-O d5 7. exd6 Qxd6 8. Re1+ Be7 9. Bg5 Nf6 10. c3 O-O
11. cxd4 Bg4 12. Nc3 Bxf3 13. Qxf3 Qxd4 14. Bd5 Nxd5 15. Rad1 Qc5 16. Rxd5 Qb4 17. a3 Qxb2 18. Bxe7 Rfe8 19. Rb1 Rxe7 20. h3 Qxa3
21. Rxb7 h6 22. Rf5 Qd6 23. Ne4 Qd7 24. Nc5 Qd6 25. Ne4 Qe6 26. Nc5 Qe1+ 27. Kh2 Nd4 28. Qd5 Nxf5 29. Qxf5 Qe5+ 30. Qxe5 Rxe5
31. Nd7 Re2 32. Kg3 Rc2 33. Kf3 a5
0-1

[Event "Home Country for SM's 1st Convention."]
[Site "SchemingMind.com"]
[Date "2008.10.20"]
[Round "-"]
[White "JPT"]
[Black "Ursus"]
[Result "1-0"]
[WhiteCountry "INT"]
[BlackCountry "INT"]
[WhiteElo "1790"]
[WhiteRD "82"]
[BlackElo "1692"]
[BlackRD "79"]
[GameID "175551"]

1. e4 e5 2. Bb5 Nf6 3. Nc3 Bc5 4. Nf3 O-O 5. d3 c6 6. Ba4 d5 7. Bg5 Bg4 8. h3 d4 9. hxg4 dxc3 10. bxc3 Nbd7
11. Bb3 Qa5 12. Kd2 Bxf2 13. Qf1 Bd4 14. Nxd4 exd4 15. Bxf6 Qxc3+ 16. Ke2 Nxf6 17. g5 Nd7 18. Qf5 g6 19. Qxd7 c5 20. Raf1 c4
21. dxc4 Qe3+ 22. Kd1 Rad8 23. Qh3 Qxh3 24. Rxh3 Kg7 25. Rhf3 Rd7 26. Kd2 Re8 27. Ba4
1-0

[Event "Home Country for SM's 1st Convention."]
[Site "SchemingMind.com"]
[Date "2008.10.25"]
[Round "-"]
[White "Zugzwang"]
[Black "latvija"]
[Result "0-1"]
[WhiteCountry "CAN"]
[BlackCountry "USA"]
[WhiteElo "1491"]
[WhiteRD "59"]
[BlackElo "2189"]
[BlackRD "98"]
[GameID "176195"]

1. d4 Nf6 2. Nf3 g6 3. e3 Bg7 4. Be2 O-O 5. b3 d6 6. Bb2 Nbd7 7. O-O e5 8. c4 Re8 9. Nc3 c6 10. Ng5 Qc7
11. f4 exf4 12. exf4 Nb6 13. Rf3 d5 14. Qf1 Bg4 15. Rg3 Bxe2 16. Nxe2 Qe7 17. Re1 dxc4 18. bxc4 Nxc4 19. Bc3 Ne3 20. Qf3 Nc2
21. Qf1 Nxe1 22. Qxe1 Qxe2 23. Qxe2 Rxe2
0-1

[Event "Home Country for SM's 1st Convention."]
[Site "SchemingMind.com"]
[Date "2008.10.24"]
[Round "-"]
[White "demiurg"]
[Black "neoliminal"]
[Result "1-0"]
[WhiteCountry "HUN"]
[BlackCountry "CRC"]
[WhiteElo "2371"]
[WhiteRD "68"]
[BlackElo "1386"]
[BlackRD "103"]
[GameID "176196"]

1. e4 e5 2. Nf3 Nc6 3. d4 exd4 4. Bc4 Nf6 5. e5 Nxe5 6. Nxe5 Qe7 7. Qe2 d5 8. Bd3 Ne4 9. Bxe4 dxe4 10. Qb5+ c6
11. Nxc6 Qc7 12. Nxd4+ Bd7 13. Qe2 f5 14. Nc3 Bb4 15. Bd2 Qb6 16. Nb3 O-O 17. Nd5 Bxd2+ 18. Qxd2 Qh6 19. Qxh6 gxh6 20. O-O-O Rf7
21. Nf4 Bb5 22. Nd4 Bc4 23. g3 Bxa2 24. b3 a5 25. Kb2 Rc7 26. Kxa2 a4 27. Kb2 a3+ 28. Ka2 b5 29. Nd5
1-0

[Event "Home Country for SM's 1st Convention."]
[Site "SchemingMind.com"]
[Date "2008.10.25"]
[Round "-"]
[White "gingerbread"]
[Black "Brian Acebo"]
[Result "1-0"]
[WhiteCountry "ENG"]
[BlackCountry "USA"]
[WhiteElo "1859"]
[WhiteRD "86"]
[BlackElo "1619"]
[BlackRD "87"]
[GameID "176197"]

1. c4 Nf6 2. d4 g6 3. g3 Bg7 4. Nf3 O-O 5. Bg2 d6 6. O-O Nbd7 7. Nc3 Rb8 8. Re1 b6 9. d5 Bb7 10. Nd4 Ne5
11. Nc6 Bxc6 12. dxc6 Qe8 13. Qa4 a5 14. f4 Neg4 15. h3 Nh6 16. g4 Nfxg4 17. hxg4 Nxg4 18. Qd1 Bxc3 19. bxc3 e6 20. e4 Nf6
21. f5 e5 22. Bg5 Qe6 23. fxe6
1-0

[Event "Home Country for SM's 1st Convention."]
[Site "SchemingMind.com"]
[Date "2008.10.25"]
[Round "-"]
[White "latvija"]
[Black "Zugzwang"]
[Result "1-0"]
[WhiteCountry "USA"]
[BlackCountry "CAN"]
[WhiteElo "2189"]
[WhiteRD "97"]
[BlackElo "1487"]
[BlackRD "60"]
[GameID "176205"]

1. e4 e5 2. Nf3 Nf6 3. Nxe5 d6 4. Nf3 Nxe4 5. d4 d5 6. Bd3 Bd6 7. O-O O-O 8. c4 Bg4 9. cxd5 f5 10. Nc3 Nd7
11. h3 Bxh3 12. gxh3 Qf6 13. Nxe4 fxe4 14. Bxe4 Rae8 15. Ng5 Rxe4 16. Nxe4 Qg6+ 17. Qg4
1-0

[Event "Home Country for SM's 1st Convention."]
[Site "SchemingMind.com"]
[Date "2008.10.24"]
[Round "-"]
[White "neoliminal"]
[Black "demiurg"]
[Result "0-1"]
[WhiteCountry "CRC"]
[BlackCountry "HUN"]
[WhiteElo "1386"]
[WhiteRD "103"]
[BlackElo "2371"]
[BlackRD "68"]
[GameID "176206"]

1. Nc3 d5 2. e4 dxe4 3. Nxe4 Nc6 4. Bb5 Qd5 5. Bxc6+ Qxc6 6. d3 Nf6 7. Qf3 Qxc2 8. Bg5 Qxb2 9. Rd1 h5 10. Nxf6+ gxf6
11. Bc1 Qe5+ 12. Ne2 Bg4 13. Qe4 Bxe2 14. Qxe2 O-O-O 15. Be3 Qc3+ 16. Rd2 h4 17. h3 Rg8 18. O-O e6 19. Rc2 Qa5 20. Rfc1 Bd6
21. Qf3 Rg6 22. Rb1 c6 23. Bf4 Qd5 24. Qxd5 exd5 25. Bxd6 Rxd6 26. Rb4 Rh6 27. Re2 Rd7 28. Rg4 c5 29. Ra4 a6 30. Ra5 Rc7
31. Re8+ Kd7 32. Rf8 Ke7 33. Rg8 c4 34. g3 c3
0-1

[Event "Home Country for SM's 1st Convention."]
[Site "SchemingMind.com"]
[Date "2008.10.24"]
[Round "-"]
[White "Brian Acebo"]
[Black "gingerbread"]
[Result "0-1"]
[WhiteCountry "USA"]
[BlackCountry "ENG"]
[WhiteElo "1619"]
[WhiteRD "87"]
[BlackElo "1859"]
[BlackRD "86"]
[GameID "176207"]

1. e4 e5 2. Nf3 Nc6 3. Bc4 Nf6 4. Ng5 d5 5. exd5 Na5 6. d3 h6 7. Nf3 Bd6 8. O-O Bd7 9. Re1 Nxc4 10. dxc4 e4
11. Nd4 O-O 12. h3 c6 13. dxc6 bxc6 14. a3 Re8 15. b4 c5 16. Nb3 Be5 17. Ra2 Be6 18. Qe2 Qc8 19. Qe3 Nh5 20. Nxc5 Bxc4
21. Nb3 Nf4 22. Bb2 Nd5 23. Qd2 e3 24. fxe3 Bg3 25. Qd4 f6 26. Rd1 Nxe3 27. Rd2 Nxc2 28. Qc3 Re1#
0-1

[Event "Home Country for SM's 1st Convention."]
[Site "SchemingMind.com"]
[Date "2008.10.26"]
[Round "-"]
[White "Duffer1965"]
[Black "agrillage"]
[Result "0-1"]
[WhiteCountry "USA"]
[BlackCountry "MLT"]
[WhiteElo "1072"]
[WhiteRD "154"]
[BlackElo "2092"]
[BlackRD "89"]
[GameID "176351"]

1. d4 c5 2. d5 g6 3. Nf3 Bg7 4. e4 d6 5. Nc3 Nf6 6. Bb5+ Bd7 7. a4 O-O 8. O-O Bxb5 9. axb5 Nbd7 10. Qe2 Ne8
11. Bf4 Nc7 12. Rfe1 Nb6 13. Rad1 Qd7 14. e5 c4 15. Ne4 Ncxd5 16. Bg5 Qxb5 17. b3 dxe5 18. bxc4 Nxc4 19. Rb1 Qc6 20. Ned2 Nxd2
21. Bxd2 b6 22. Nxe5 Qxc2
0-1

[Event "Home Country for SM's 1st Convention."]
[Site "SchemingMind.com"]
[Date "2008.10.28"]
[Round "-"]
[White "dkappe"]
[Black "jocamble"]
[Result "1-0"]
[WhiteCountry "GER"]
[BlackCountry "IRL"]
[WhiteElo "1969"]
[WhiteRD "93"]
[BlackElo "1461"]
[BlackRD "76"]
[GameID "176688"]

1. d4 Nc6 2. Nf3 d6 3. e4 Bg4 4. Bb5 Qd7 5. d5 Na5 6. Bxd7+ Bxd7 7. O-O Nf6 8. Nc3 O-O-O 9. Qd4 c5 10. Qe3 e6
11. b4 Nc4 12. Qe2 b5 13. a4 cxb4 14. Nxb5 Kb8 15. Qxc4 Rc8 16. Qxb4 a6 17. Nxd6+ Kc7 18. Ba3 Rb8 19. Qa5+ Rb6 20. Rab1 Bxd6
21. Qxb6+ Kc8 22. Bxd6 Bxa4 23. Qc7#
1-0

[Event "Home Country for SM's 1st Convention."]
[Site "SchemingMind.com"]
[Date "2008.10.28"]
[Round "-"]
[White "jocamble"]
[Black "dkappe"]
[Result "0-1"]
[WhiteCountry "IRL"]
[BlackCountry "GER"]
[WhiteElo "1437"]
[WhiteRD "73"]
[BlackElo "1983"]
[BlackRD "90"]
[GameID "176699"]

1. e4 d6 2. d4 Nf6 3. Nc3 g6 4. Bf4 c6 5. Qe2 Bg7 6. f3 O-O 7. O-O-O b5 8. e5 Nh5 9. Bg5 h6 10. Bh4 Qc7
11. g4 Nf4 12. Qe4 g5 13. Bg3 dxe5 14. dxe5 Qxe5 15. Bd3 Nxd3+ 16. Qxd3 Qc5 17. a3 b4 18. axb4 Qxb4 19. Re1 Nd7 20. Na2 Qxb2+
21. Kd2 Qxa2 22. Qe4 Ba6 23. Qxc6 Rac8 24. Qe4 Nf6 25. Qf5 e6 26. Qe5 Qxc2+ 27. Ke3 Rc3+
0-1

[Event "Home Country for SM's 1st Convention."]
[Site "SchemingMind.com"]
[Date "2008.10.29"]
[Round "-"]
[White "lemmie"]
[Black "ivan"]
[Result "1-0"]
[WhiteCountry "NED"]
[BlackCountry "CRO"]
[WhiteElo "1701"]
[WhiteRD "50"]
[BlackElo "1486"]
[BlackRD "98"]
[GameID "176791"]

1. e4 e5 2. Nf3 Nc6 3. Bc4 Bc5 4. c3 Nf6 5. d4 Bb6 6. dxe5 Nxe4 7. O-O Nxf2 8. Rxf2 Bxf2+ 9. Kxf2 O-O 10. Bg5 Qe8
11. Bf4 b6 12. Bd5
1-0

[Event "Home Country for SM's 1st Convention."]
[Site "SchemingMind.com"]
[Date "2008.10.30"]
[Round "-"]
[White "ivan"]
[Black "lemmie"]
[Result "0-1"]
[WhiteCountry "CRO"]
[BlackCountry "NED"]
[WhiteElo "1486"]
[WhiteRD "98"]
[BlackElo "1701"]
[BlackRD "50"]
[GameID "176802"]

1. e4 e5 2. Nf3 Nc6 3. Bb5 a6 4. Ba4 b5 5. Bb3 Nf6 6. Ng5 d5 7. exd5 Nxd5 8. Nxf7 Kxf7 9. Qf3+ Ke6 10. Nc3 Ne7
11. Ne4 Kd7
0-1

[Event "Home Country for SM's 1st Convention."]
[Site "SchemingMind.com"]
[Date "2008.11.03"]
[Round "-"]
[White "mmccaffe"]
[Black "Swordsmen"]
[Result "1-0"]
[WhiteCountry "USA"]
[BlackCountry "USA"]
[WhiteElo "1425"]
[WhiteRD "63"]
[BlackElo "1583"]
[BlackRD "132"]
[GameID "176856"]

1. e4 e6 2. d4 d5 3. Nc3 Bb4 4. e5 c5 5. a3 Bxc3+ 6. bxc3 b6 7. Nf3 Nc6 8. a4 Nge7 9. g4 Bb7 10. Ba3 Qc7
11. dxc5 bxc5 12. Bxc5
1-0

[Event "Home Country for SM's 1st Convention."]
[Site "SchemingMind.com"]
[Date "2008.11.04"]
[Round "-"]
[White "Swordsmen"]
[Black "mmccaffe"]
[Result "0-1"]
[WhiteCountry "USA"]
[BlackCountry "USA"]
[WhiteElo "1517"]
[WhiteRD "132"]
[BlackElo "1450"]
[BlackRD "73"]
[GameID "176858"]

1. d4 Nf6 2. c4 g6 3. Nc3 Bg7 4. Nf3 O-O 5. e3 d6 6. Be2 Nbd7 7. O-O c5 8. a3 cxd4 9. exd4 e5 10. Bg5 h6
11. Bxf6 Bxf6 12. Nd5 exd4 13. Nxd4 Nc5 14. Nxf6+ Qxf6 15. b4 Ne6 16. Nxe6 Qxe6 17. h3 Bd7 18. Rc1 Rfe8 19. Re1 Qf6 20. Bf3 Rxe1+
21. Qxe1 Re8 22. Qd2 Bc6 23. Bxc6 bxc6 24. Qxh6 Qb2 25. Rd1 Qxa3 26. Rxd6 Qa1+
0-1

[Event "Home Country for SM's 1st Convention."]
[Site "SchemingMind.com"]
[Date "2008.10.31"]
[Round "-"]
[White "yozzer"]
[Black "chessleon"]
[Result "1-0"]
[WhiteCountry "GBR"]
[BlackCountry "NED"]
[WhiteElo "2132"]
[WhiteRD "97"]
[BlackElo "1677"]
[BlackRD "76"]
[GameID "176933"]

1. e4 c5 2. Nf3 e6 3. Nc3 Nc6 4. d4 cxd4 5. Nxd4 a6 6. Be2 Qc7 7. O-O Nf6 8. Be3 b5 9. a3 Be7 10. f4 d6
11. Nxc6 Qxc6 12. Bf3 e5 13. Nd5 Nxd5 14. exd5 Qd7 15. fxe5 Bb7 16. e6 fxe6 17. dxe6 Qc7 18. Bxb7 Qxb7 19. Bd4 O-O-O 20. Bxg7 Rhg8
21. Rf7 Rde8 22. Qd3 Qb6+ 23. Kh1 Qc6 24. Qxh7 Bg5 25. e7 Bxe7 26. Rxe7 Rxe7 27. Qxg8+ Kd7 28. Bf8 Re2 29. Qg4+ Re6 30. Re1
1-0

[Event "Home Country for SM's 1st Convention."]
[Site "SchemingMind.com"]
[Date "2008.10.31"]
[Round "-"]
[White "chessleon"]
[Black "yozzer"]
[Result "0-1"]
[WhiteCountry "NED"]
[BlackCountry "GBR"]
[WhiteElo "1677"]
[WhiteRD "76"]
[BlackElo "2132"]
[BlackRD "97"]
[GameID "176940"]

1. c4 e5 2. Nc3 Nf6 3. g3 Bb4 4. Qc2 O-O 5. Bg2 Re8 6. e4 d6 7. Nge2 Nc6 8. a3 Bc5 9. O-O Bg4 10. h3 Bh5
11. g4 Bg6 12. d3 a6 13. Na4 Ba7 14. c5 dxc5 15. Nxc5 Bxc5 16. Qxc5 Qxd3 17. Nc3 Nxe4 18. Nxe4 Bxe4 19. Bxe4 Qxe4 20. Be3 Qf3
21. Kh2 Rad8 22. Rg1 Rd7 23. Rg3 Qe2 24. Qc3 Nd4 25. Kg2 Qb5 26. Rc1 Ne2 27. Qc5 Qxc5 28. Rxc5 Nxg3 29. Kxg3 f6 30. b4 c6
31. Rc2 Rd3 32. a4 Rb3 33. Rc4 Rd8 34. Kf3 Rd4 35. Rc2 Rdxb4 36. Ra2 c5 37. Kg2 c4 38. Bc5 Rb2 39. Ra3 R4b3 40. Ra1 c3
41. Ba3 Rb1 42. Ra2 Rxa3 43. Rxa3 c2
0-1

[Event "Home Country for SM's 1st Convention."]
[Site "SchemingMind.com"]
[Date "2008.11.01"]
[Round "-"]
[White "nimzoking"]
[Black "smothered mate"]
[Result "1-0"]
[WhiteCountry "ENG"]
[BlackCountry "POL"]
[WhiteElo "2149"]
[WhiteRD "83"]
[BlackElo "1878"]
[BlackRD "51"]
[GameID "177196"]

1. d4 d5 2. Bf4 c5 3. e3 Nf6 4. c3 e6 5. Nf3 Be7 6. Ne5 O-O 7. Nd2 b6 8. Bd3 Ba6 9. Bxa6 Nxa6 10. O-O Nb8
11. h3 Nbd7 12. Ndf3 Qc8 13. Qe2 Ne4 14. Nxd7 Qxd7 15. Ne5 Qc8 16. Rad1 c4 17. f3 Nd6 18. e4 Re8 19. Qc2 b5 20. Ng4 a5
21. exd5 exd5 22. Rfe1 b4 23. Rxe7 Rxe7 24. Bxd6 Rb7 25. Re1 b3 26. axb3 cxb3 27. Qf2 h5 28. Ne3 Qc6 29. Nf5 Raa7 30. Qg3
1-0

[Event "Home Country for SM's 1st Convention."]
[Site "SchemingMind.com"]
[Date "2008.11.01"]
[Round "-"]
[White "smothered mate"]
[Black "nimzoking"]
[Result "1/2-1/2"]
[WhiteCountry "POL"]
[BlackCountry "ENG"]
[WhiteElo "1921"]
[WhiteRD "50"]
[BlackElo "2155"]
[BlackRD "85"]
[GameID "177201"]

1. e4 d5 2. exd5 Qxd5 3. Nc3 Qa5 4. d4 Nf6 5. Nf3 Bf5 6. Bc4 e6 7. Qe2 Bb4 8. Bd2 Nbd7 9. Rc1 c6 10. a3 Bxc3
11. Bxc3 Qc7 12. Ne5 O-O 13. O-O Nd5 14. Bd2 Nxe5 15. dxe5 h6 16. Bd3 Bxd3 17. cxd3 Rfd8 18. Rc4 Ne7 19. Rg4 Nf5 20. Re1 Qd7
21. Ba5 b6 22. Bc3 Qxd3 23. Qxd3 Rxd3 24. Rc4 Ne7 25. h3 Rad8 26. Bb4 c5 27. Bc3 R8d5 28. Ra4 Nc6 29. Rae4 Rd1=
1/2-1/2

[Event "Home Country for SM's 1st Convention."]
[Site "SchemingMind.com"]
[Date "2009.01.16"]
[Round "-"]
[White "Manfred Kraut"]
[Black "aadaam"]
[Result "0-1"]
[WhiteCountry "GER"]
[BlackCountry "INT"]
[WhiteElo "1451"]
[WhiteRD "67"]
[BlackElo "1753"]
[BlackRD "46"]
[GameID "187907"]

1. d4 e6 2. Nf3 Nf6 3. e3 c5 4. Nbd2 d5 5. c3 Nc6 6. Bd3 b6 7. Bb5 Bd7 8. O-O a6 9. Bxc6 Bxc6 10. Ne5 Qc7
11. Nxc6 Qxc6 12. Re1 Bd6 13. Qf3 O-O 14. e4 dxe4 15. Nxe4 Nxe4 16. Rxe4 cxd4 17. Rxd4 Qxf3 18. gxf3 Be5 19. Re4 Bf6 20. Be3 b5
21. Rg4 Rac8 22. Kg2 Rfd8 23. h4 Rc6 24. h5 Rcd6 25. h6 g6 26. Bg5 Bxg5 27. Rxg5 Rd2 28. Kg3 Rxb2 29. Kf4 Kf8 30. Ke5 Rd5+
31. Kf6 Rxg5 32. Kxg5 Ke7 33. f4 Rxf2 34. a3 f6+ 35. Kg4 Rc2 36. a4 bxa4 37. Rxa4 Rxc3 38. Rxa6 Rc7 39. Kf3 f5 40. Ke3 Kf6
41. Kd4 Rd7+ 42. Kc5 g5 43. fxg5+ Kxg5 44. Rxe6 f4 45. Re1 Kxh6 46. Rf1 Kg5 47. Kc6 Rf7 48. Kd5 h5 49. Ke4 Re7+ 50. Kf3 Re3+
51. Kg2 Kg4 52. Rg1 Rg3+ 53. Kh1 Rxg1+ 54. Kxg1 Kg3
0-1

[Event "Home Country for SM's 1st Convention."]
[Site "SchemingMind.com"]
[Date "2009.01.16"]
[Round "-"]
[White "aadaam"]
[Black "Manfred Kraut"]
[Result "1-0"]
[WhiteCountry "INT"]
[BlackCountry "GER"]
[WhiteElo "1768"]
[WhiteRD "44"]
[BlackElo "1411"]
[BlackRD "67"]
[GameID "187911"]

1. e4 c5 2. Nf3 g6 3. d4 Bg7 4. c3 Qc7 5. Be3 d6 6. Bb5+ Bd7 7. Bxd7+ Nxd7 8. O-O Ngf6 9. Nbd2 O-O 10. Rc1 a5
11. d5 b5 12. h3 b4 13. c4 a4 14. Re1 a3 15. b3 e5 16. Nh2 Ne8 17. f4 exf4 18. Bxf4 Be5 19. Bh6 Bxh2+ 20. Kxh2 Nef6
21. Bxf8 Rxf8 22. Nf3 Re8 23. Qd3 h5 24. Rc2 Ne5 25. Nxe5 Rxe5 26. Rf2 Qe7 27. Rfe2 Kh7 28. Qf3 Kh6 29. g3 g5 30. Rf2 Nh7
31. Qxf7 h4 32. g4 Qxf7 33. Rxf7 Kg6 34. Rd7 Nf6 35. Rxd6 Kf7 36. Rf1
1-0

[Event "Home Country for SM's 1st Convention."]
[Site "SchemingMind.com"]
[Date "2009.01.26"]
[Round "-"]
[White "agrillage"]
[Black "jl1234"]
[Result "1-0"]
[WhiteCountry "MLT"]
[BlackCountry "POL"]
[WhiteElo "2088"]
[WhiteRD "90"]
[BlackElo "1742"]
[BlackRD "66"]
[GameID "188524"]

1. e4 c5 2. Nf3 e6 3. d4 b6 4. d5 Bb7 5. c4 g6 6. Nc3 Bg7 7. Bd3 Ne7 8. O-O Nc8 9. Bf4 d6 10. dxe6 fxe6
11. Ng5 e5 12. Be3 Qd7 13. f4 O-O 14. f5 Ne7 15. Qg4 h6 16. Ne6 Rf6 17. Nd5 Nxd5 18. exd5 Qe7 19. fxg6 Nd7 20. Qh3
1-0

[Event "Home Country for SM's 1st Convention."]
[Site "SchemingMind.com"]
[Date "2009.01.26"]
[Round "-"]
[White "jl1234"]
[Black "agrillage"]
[Result "0-1"]
[WhiteCountry "POL"]
[BlackCountry "MLT"]
[WhiteElo "1742"]
[WhiteRD "66"]
[BlackElo "2088"]
[BlackRD "90"]
[GameID "188530"]

1. d4 c5 2. d5 g6 3. Nf3 Bg7 4. e4 d6 5. Na3 Bg4 6. Be2 Nf6 7. h3 Bxf3 8. Bxf3 O-O 9. O-O a6 10. Bd2 b5
11. c4 b4 12. Nc2 Nbd7 13. Bf4 Nb6 14. Qd3 Nfd7 15. Rab1 Ne5 16. Bxe5 Bxe5 17. Bg4 h5 18. Bd1 Nd7 19. f4 Bg7 20. Qg3 a5
21. Ne3 a4 22. Bxh5 Kh7 23. Bg4 Rh8 24. Bxd7 Qxd7 25. f5 Bf6 26. Ng4 Bd4+ 27. Kh1 Kg7 28. fxg6 fxg6 29. Nh2 Rh5 30. Nf3 Bf6
31. e5 Bxe5 32. Nxe5 Rxe5 33. Rf4 Rf5 34. Re4 Raf8 35. Kg1 Qe8 36. Ree1 Qf7 37. Qd3 Rf2 38. Qe3 Qf6 39. Qxe7+ Rf7 40. Qxf6+ R7xf6
41. Rf1 Rc2 42. b3 Rxa2 43. bxa4 Rxa4
0-1